Elements of mechanical engineering (Record no. 1563)
[ view plain ]
| 000 -LEADER | |
|---|---|
| fixed length control field | 00335cam a2200133ua 4500 |
| 082 ## - DEWEY DECIMAL CLASSIFICATION NUMBER | |
| Classification number | 621.01 |
| Item number | ROY/EL |
| 100 ## - MAIN ENTRY--AUTHOR NAME | |
| Personal name | Roy , K P . |
| 245 ## - TITLE STATEMENT | |
| Title | Elements of mechanical engineering |
| 260 ## - PUBLICATION, DISTRIBUTION, ETC. (IMPRINT) | |
| Place of publication | Mumbai : |
| Name of publisher | Asia Publishing House , |
| Year of publication | 1956. |
| 300 ## - PHYSICAL DESCRIPTION | |
| Number of Pages | 353 ; . |
| 700 1# - ADDED ENTRY--PERSONAL NAME | |
| Personal name | Battacharya, . |
| 700 1# - ADDED ENTRY--PERSONAL NAME | |
| Personal name | Hyra, Choudhary . |
| 942 ## - ADDED ENTRY ELEMENTS (KOHA) | |
| Koha item type | Books |
| Withdrawn status | Lost status | Damaged status | Home library | Current library | Date acquired | Full call number | Accession Number | Koha item type |
|---|---|---|---|---|---|---|---|---|
| KAUAET | KAUAET | 07/04/2012 | 621.01 | 12434 | Books |
